Taco Toppings - Statistics

General Stats
  • This quiz has been taken 119 times
  • The average score is 9 of 10
Answer Stats
Picture Answer % Correct
Tomato
100%
Avocado
99%
Cheese
97%
Guacamole
94%
Lettuce
94%
Chicken
89%
Beef
87%
Salsa
85%
Chips
83%
Cilantro
70%
No matching quizzes found
Score Distribution
Percent of People with Each Score
Percentile by Number Answered
Your Score History
You have not taken this quiz